Quizzes
Events
Quiz Creation
Community
Videos
Private Events
Remove Ads
Sign In
Join for FREE
Feedback
Dark Mode
Quiz Categories
Sports
Geography
Music
Movies
Television
Just For Fun
Miscellaneous
History
Literature
Language
Science
Gaming
Entertainment
Religion
Holiday
For Kids
Quiz Lab
Recent
Popular Today
Quiz Kudos Today
Editor Picks
Curator Picks
Quizzes by...
Day
Popularity
Type
Ratings
Length
Year
Community
Subscriptions
Recent Discussions
Orange Saloon
Badges
Playlists
Quests
Create
Leaderboards
Showdown
Live 5
Trivia Bingo
Activity
Puzzle Library
Sporcle Events
Private Events
Virtual Trivia
Globe League
Become a Host
Pub Owners
SporcleCon
Opinionation
Our Games
Videos
Blog
Mobile Apps
Partnerships
Remove Ads and Go Orange
Feedback
Music
Pop Music
The Beatles
Song
Album
Lyrics
Bands
Singers
Artist
Clip
Rock
Rap
Classical
Billboard
Country Music
Kpop
Taylor Swift
Music
Pop Music
The Beatles
Song
Album
Lyrics
Bands
Singers
Artist
Clip
Rock
Rap
Classical
Billboard
Country Music
Kpop
Taylor Swift
Random Quiz
Search Sporcle
×
Curator Pick
Curator Pick
Music
Rock
Type in answers that appear in a list
Type in answers that appear in a list
Classic
Best Score? Go Orange.
Name the Artist by Single Words in Three Albums Stats
Can you name the artist given single words from three of the artist's albums?
By
the_wombat
8m
20 Questions
293 Plays
293 Plays
293 Plays
Comments
Comments
Give Quiz Kudos
Give Quiz Kudos
-
- Ratings
hide this ad
Forced Order
Answers have to be entered in order
Answers have to be entered in order
Replay
Link that replays current quiz
Next Quiz
Link to next quiz in quiz playlist
You Got
0%
They Got
Avg Score
44%
Avg Friend Score
Upgrade to see
Score Distribution
Jump to the score distribution portion of the page
Score
0/20
Timer
08:00
0
Plays Today
Album words
Artist
% Correct
Virgin, Prayer, Confessions
Madonna
93.2%
Surfin', Summer, Sounds
Beach Boys
92.5%
Ziggy, Aladdin, Station
David Bowie
89.4%
Experienced, Axis, Ladyland
Jimi Hendrix
77.1%
Parade, Purple, Pearls
Prince
73.7%
Fahrenheit, Slippery, Jersey
Bon Jovi
69.3%
Dropout, Twisted, Graduation
Kanye West
58%
Millions, Fear, Apocalypse
Public Enemy
43.7%
Pageant, People, Fables
R.E.M.
42%
Shaolin, Forever, Chambers
Wu-Tang Clan
39.6%
Album words
Artist
% Correct
Canyon, Blue, Court
Joni Mitchell
37.2%
Stand, Greatest, Riot
Sly and the Family Stone
25.6%
Daydream, Murray, Ripped
Sonic Youth
25.6%
Armed, Happy, Blood
Elvis Costello
23.9%
Desire, Stories, England
P.J. Harvey
20.5%
Fever, Blitz, Mosquito
Yeah Yeah Yeahs
19.8%
Lotus, Basics, Stripped
Christina Aguilera
18.1%
Pavilion, Tongs, Jam
Animal Collective
15.7%
Trilogy, Kiss, Beauty
The Weeknd
11.3%
Addictive, Construction, Cookbook
Missy Elliott
9.6%
Quiz Playlist
Details
Report
Send in Message
Add To Playlist
Classic:
Type in answers that appear in a list
Forced Order:
Answers have to be entered in order
Last Updated: Feb 16, 2017
Curator Pick in
Album
Quiz Scoreboard
CHALLENGE
Sign Up to Join the Scoreboard
Show All
Scores
Hide
Comments
May contain spoilers
Recently Published
1-10 Letter E Words III
by El_Dandy
Language
2m
One Thing in Common: World Cities II
by knightlancer
Geography
7m
Popular People in 1961
by mucciniale
History
6m
More to Explore
Quiz From the Vault
Featured Blog Post
Where Did the Easter Bunny Come From?
hide this ad
You Might Also Like...
Tags
Album Quiz
Artist Quiz
Pop Music Quiz
Rap Quiz
Rock Quiz
indie
Single
three
Today's Top Quizzes in Music
Browse Music
hide this ad
Today's Top Quizzes in Rock
Browse Rock
Top Contributed Quizzes in Music
1
Taylor Swift All Songs (2024)
2
2010s Album by Cover III
3
Taylor Swift Logic Puzzle
4
One Thing in Common: Music
5
Guess the Artist- 70s Songs
6
Guess the Taylor Swift song (Mystery Song)
7
2010s Album by Cover V
8
2010s Album by Cover IV
9
Lana Del Rey Discography (BTD to DYKTTATUOB)
10
KPOP LOGIC QUIZ
Explore More
Trending Topics
Crossword
Marvel
Disney
NBA
Kpop
Harry Potter
Anime
NFL
Song
Puzzle
Pokémon
Soccer
WWE
Country
The Office
hide this ad
More By:
the_wombat
Quiz
Plays
Rating
Category
Featured
Created
Former NBA MVPs, 4 Teams in 4 Years
28,554
4.72
Sports
Jul 30, 2021
3 Songs, 1 Common Bond
439
4.50
Music
Sep 18, 2021
Name the Artist by Single Words in Three Albums
293
4.63
Music
Jan 20, 2016
Top first names, top last names
139
4.75
Miscellaneous
Apr 15, 2016
3 Songs, 1 Common Bond II
138
5.00
Music
Sep 20, 2021
Go to Creator's Profile
Score Distribution
Quiz Creator Spotlight
the_wombat
Follow
Send a Message
Quizzes Created
-
Created Quiz Play Count
-
More By This Creator
Popular Quizzes Today
1
Find the US States - No Outlines Minefield
2
The Countries of the World
3
Find the Countries of Europe - No Outlines Minefield
4
Popular People in 1961
5
1-10 Letter E Words III
6
Find the US States
7
One Thing in Common: World Cities II
8
US States
More Music Quizzes
United State of Pop 2013 (Living the Fantasy)
Editor's Pick
Trending Quizzes
Risky Map Clicking: Least Populous States A-Z
1-10 Letter F Words
1-10 Letter G Words
One Thing in Common: United Kingdom
Risky Map Clicking: Next State Alphabetically
Recently Updated
Leaping Animals
pecheneg
Reality TV Shows (A-Z)
bhenderson79
Rickey Henderson's Hall of Fame Teammates
pecheneg
Champions League XIs: Arsenal
pecheneg
Quick Pick: Celebrities in WWE's Hall of Fame
aduchscher
A-Z Keypad Blitz II
pecheneg
Multiple Oscar Actors
pecheneg
Mystery Phrase Blitz: Oscar 'Best Actors'
pecheneg
F. Scott Fitzgerald Novels
LTH
Pick 3 Villains
ddd62291
Trending Topics
Crossword
Anime
Marvel
Disney
Kpop
Harry Potter
NBA
Song
NFL
WWE
Soccer
Pokémon
Puzzle
Country
The Office
Your Account Isn't Verified!
In order to create a playlist on Sporcle, you need to verify the email address you used during registration. Go to your
Sporcle Settings
to finish the process.
Report this User
Report this user for behavior that violates our
Community Guidelines
.
Details:
Send Report
Go to the Sporcle.com Mobile Site →
Comments